Digitised film and video production (Record no. 896)

MARC details
000 -LEADER
Fixed length control field 00470nam a2200169 4500
003 - CONTROL NUMBER IDENTIFIER
Control field SEACOMMC
005 - DATE AND TIME OF LATEST TRANSACTION
Control field 20241218112252.0
008 - FIXED-LENGTH DATA ELEMENTS--GENERAL INFORMATION
Fixed length control field 241218b |||||||| |||| 00| 0 eng d
020 ## - INTERNATIONAL STANDARD BOOK NUMBER / ISBN
International Standard Book Number 9798189012051
Price Rs.425.00
040 ## - CATALOGING SOURCE
Original cataloging agency SEACOMMC
082 ## - DEWEY DECIMAL CLASSIFICATION NUMBER
Classification number 791.43
Book Number I 41
100 ## - MAIN ENTRY--PERSONAL NAME
Personal name Indrajit
245 1# - TITLE STATEMENT
Title Digitised film and video production
Statement of responsibility Indrajit
260 ## - IMPRINT
Place of publication Delhi
Name of publisher Gnosis: Publishers of Educational Books
Date of publication 2006
650 ## - SUBJECT ADDED ENTRY--TOPICAL TERM
Topical term Digital cinematography
942 ## - ADDED ENTRY ELEMENTS (KOHA)
Koha item type Books
Holdings
Withdrawn status Lost status Source of classification Damaged status Not for loan Home library Current library Shelving location Date acquired Total Checkouts Call number Accession number Date last seen Price effective from Koha item type
    Dewey Decimal Classification     SEACOM MANAGEMENT COLLEGE SEACOM MANAGEMENT COLLEGE Reference 11/12/2007   791.43 I 41 M-1208 18/12/2024 18/12/2024 Books
© Seacom Engineering College, All rights reserved.    Powered by Koha